000 00515cam a2200205ua 4500
001 7843
005 20260515114248.0
008 141229n ii |||gr||||Z||||||ben
040 _cMAIN
041 _aben
082 _a891.44
100 _aBasu, J.,
_eAuthor.
245 1 _aUpanishader bhabadarsh o sadhana
_cBy Jugiraj Basu
250 _a1st.
260 _aKolkatta:
_bBiswabharati,
_c1975.
300 _a42p.
653 _aEast Indo-European & Celtic literatures
653 _aBengali literature
942 _cBK
999 _c6958
_d6958